000 00417nam a2200181Ia 4500
005 20250603144805.0
008 250603s9999 xx 000 0 und d
020 _a0727730983
050 _aTC 405 .P87/
245 0 _aDesign of water resources systems
250 _a2nd ed.
260 _aLondon
260 _bThomas Telford Publishing
260 _c2003
300 _a222 p
650 _aLondon
942 _cBK
999 _c39956
_d39956